The real rule of four / (Record no. 219536)

000 -LEADER
fixed length control field 01475cam a2200337 a 4500
001 - CONTROL NUMBER
control field 13694874
003 - CONTROL NUMBER IDENTIFIER
control field Nust
005 - DATE AND TIME OF LATEST TRANSACTION
control field 20170213141636.0
008 - FIXED-LENGTH DATA ELEMENTS--GENERAL INFORMATION
fixed length control field 040823s2004 nyua b 001 0 eng d
010 ## - LIBRARY OF CONGRESS CONTROL NUMBER
LC control number 2004112404
015 ## - NATIONAL BIBLIOGRAPHY NUMBER
National bibliography number GBA492134
Source bnb
016 7# - NATIONAL BIBLIOGRAPHIC AGENCY CONTROL NUMBER
Record control number 013070431
Source Uk
020 ## - INTERNATIONAL STANDARD BOOK NUMBER
International Standard Book Number 9780099492498
035 ## - SYSTEM CONTROL NUMBER
System control number (OCoLC)ocm56990929
040 ## - CATALOGING SOURCE
Original cataloging agency BRL
Transcribing agency BRL
Modifying agency TXH
-- UKM
-- OCLCQ
-- DLC
042 ## - AUTHENTICATION CODE
Authentication code lccopycat
050 00 - LIBRARY OF CONGRESS CALL NUMBER
Classification number PQ4619.C9
Item number H975 2004
082 00 - DEWEY DECIMAL CLASSIFICATION NUMBER
Classification number 853.3
Author Mark GOD
100 1# - MAIN ENTRY--PERSONAL NAME
Personal name Godwin, Joscelyn.
245 14 - TITLE STATEMENT
Title The real rule of four /
Statement of responsibility, etc. Joscelyn Godwin.
260 ## - PUBLICATION, DISTRIBUTION, ETC.
Place of publication, distribution, etc. New York :
Name of publisher, distributor, etc. Disinformation,
Date of publication, distribution, etc. c2004.
300 ## - PHYSICAL DESCRIPTION
Extent 182 p. :
Other physical details ill. ;
Dimensions 21 cm.
504 ## - BIBLIOGRAPHY, ETC. NOTE
Bibliography, etc. note Includes bibliographical references (p. 173-175) and index.
600 10 - SUBJECT ADDED ENTRY--PERSONAL NAME
Personal name Colonna, Francesco,
Dates associated with a name -1527.
Title of a work Hypnerotomachia Poliphili.
600 10 - SUBJECT ADDED ENTRY--PERSONAL NAME
Personal name Caldwell, Ian,
Dates associated with a name 1976-
Title of a work Rule of four.
856 42 - ELECTRONIC LOCATION AND ACCESS
Materials specified Contributor biographical information
Uniform Resource Identifier <a href="http://www.loc.gov/catdir/enhancements/fy1004/2004112404-b.html">http://www.loc.gov/catdir/enhancements/fy1004/2004112404-b.html</a>
856 42 - ELECTRONIC LOCATION AND ACCESS
Materials specified Publisher description
Uniform Resource Identifier <a href="http://www.loc.gov/catdir/enhancements/fy1004/2004112404-d.html">http://www.loc.gov/catdir/enhancements/fy1004/2004112404-d.html</a>
906 ## - LOCAL DATA ELEMENT F, LDF (RLIN)
a 7
b cbc
c copycat
d 1
e epcn
f 20
g y-gencatlg
942 ## - ADDED ENTRY ELEMENTS (KOHA)
Source of classification or shelving scheme
Koha item type Book
Holdings
Withdrawn status Lost status Source of classification or shelving scheme Damaged status Not for loan Collection code Permanent Location Current Location Shelving location Date acquired Total Checkouts Full call number Barcode Date last seen Date last checked out Copy number Price effective from Koha item type
            Central Library (CL) Central Library (CL) Fiction 02/13/2017 1 853.3 GOD CL506 09/16/2025 09/11/2025 1 02/13/2017 Book
© 2023 Central Library, National University of Sciences and Technology. All Rights Reserved.